=LDR 00000nam 2200000 4500 =001 INLIS000000000005555 =005 20251017102704 =035 ##$$a 0010-1025000610 =007 ta =008 251017###########################0#eng## =082 ##$$a 362.296 =084 ##$$a 362.296 BAD t =100 #$$a Badan Koordinasi Keluarga Berencana Nasional =245 1#$$a Tobaccos Impact on Twentieth Century /$c Badan Koordinasi Keluarga Berencana Nasional =260 ##$:$b Badan Koordinasi Keluarga Berencana Nasional =300 ##$$a 14 Hal : $b Ilus ; $c 21 =650 #4$$a Keluarga Berencana =856 ##$$a Perpustakaan Kemendukbangga